000 00749nam a2200289Ia 4500
005 20260324114116.0
008 008 260324s9999 xx 000 0 eng d
020 _a9781003364481
037 _aEBOOK
040 _aCRL
040 _beng
040 _cCRL
041 _2eng
041 _aeng
084 _qCRL
100 _aKingsley Ukoba; Tien-Chien Jen
_91149465
245 0 _aThin Films, Atomic Layer Deposition, and 3D Printing
245 0 _bDemystifying the Concepts and Their Relevance in Industry 4.0
260 _bTaylor and Francis
260 _c2023
365 _a
365 _b340
856 _uhttp://www.taylorfrancis.com/books/9781003364481
942 _cEBOOK
999 _c1739464
_d1739464